Films avec Steve McQueen (par image) - Statistiques

Statistiques générales
  • Ce quiz a été pris 26 fois
  • Le résultat moyen est 7 sur 16
Statistiques - réponses
Par images Réponse % Correct
La Grande évasion
100%
Les Sept mercenaires
96%
Le Mans
92%
La Tour infernale
63%
Bullitt
54%
L'Affaire Thomas Crown
50%
La Canonnière du Yang Tsé
42%
Papillon
42%
Guet-apens
38%
Nevada Smith
38%
Le Chasseur
33%
Le Kid de Cincinnati
21%
Junior Bonner, le dernier bagarreur
17%
La Proie des vautours
13%
Tom Horn
13%
Le Sillage de la violence
0%
Aucun quiz correspondant
Distribution des résultats
% des personnes avec chaque résultat
Percentile par nombre de réponses
Votre historique - résultats
Vous n’avez pas pris ce quiz